مكتبة جامعة عجلون الوطنية

فهرس بحث المكتبة

القانون الدولي الإنساني وحقوق اللاجئين : "دراسة حالة" / (Record no. 33985)

MARC details
000 -LEADER
fixed length control field 00612nam a22001817a 4500
003 - CONTROL NUMBER IDENTIFIER
control field JO-AjAnu
005 - DATE AND TIME OF LATEST TRANSACTION
control field 20250930092051.0
008 - FIXED-LENGTH DATA ELEMENTS--GENERAL INFORMATION
fixed length control field 250923b jo ||||| |||| 00| 0 ara d
020 ## - INTERNATIONAL STANDARD BOOK NUMBER
International Standard Book Number 978-9957-91-590-2
040 ## - CATALOGING SOURCE
Original cataloging agency ANU
Transcribing agency JO-AjAnu
041 ## - LANGUAGE CODE
Language code of original ARA
100 ## - MAIN ENTRY--PERSONAL NAME
Personal name الزبون، هاني مفلح
Relator term مؤلف
9 (RLIN) 66658
245 ## - TITLE STATEMENT
Title القانون الدولي الإنساني وحقوق اللاجئين : "دراسة حالة" /
Statement of responsibility, etc. هاني مفلح الزبون
250 ## - EDITION STATEMENT
Edition statement ط1
260 ## - PUBLICATION, DISTRIBUTION, ETC.
Place of publication, distribution, etc. عمان :
Name of publisher, distributor, etc. دار وائل للنشر والتوزيع؛
Date of publication, distribution, etc. 2019
300 ## - PHYSICAL DESCRIPTION
Extent 163 صفحه
942 ## - ADDED ENTRY ELEMENTS (KOHA)
Source of classification or shelving scheme Library of Congress Classification
Koha item type Books
Suppress in OPAC No
Holdings
Withdrawn status Lost status Source of classification or shelving scheme Damaged status Not for loan Home library Current library Date acquired Total Checkouts Full call number Barcode Date last seen Price effective from Koha item type
    Library of Congress Classification     مكتبة جامعة عجلون الوطنية مكتبة جامعة عجلون الوطنية 23/09/2025   K3230.2019 A30393 23/09/2025 23/09/2025 Books